000 004910000a22001690004500
003 LK-CoMWRAF
008 230817t ||||| |||| 00| 0 eng d
040 _aLK-CoMWRAF
_dLK-CoMWRAF
_eLK-CoMWRAF
041 _aeng
082 _a380
_bWOM
245 _aWomen and politics
_borientation of four political parties on women's empowerment issues
260 _aDhaka
_bWomen for women
_c1995
300 _ap.48
650 _awomen & political participation
650 _awomen-BANGLA
942 _cBK
999 _c2080
_d2080